| 000 | 00590nam a22002177a 4500 | ||
|---|---|---|---|
| 003 | Ost | ||
| 005 | 20250610220835.0 | ||
| 008 | 250320b |||||||| |||| 00| 0 eng d | ||
| 020 | _a9789354642104 | ||
| 040 | _cBT-PhCST | ||
| 050 | _a25263-25267 | ||
| 082 |
_222 _a621.3678 _bLIL |
||
| 100 | _aLillesand, Thomas M. | ||
| 245 | _aRemote sensing and image interpretation : | ||
| 250 | _a7th ed. | ||
| 260 |
_aNew Delhi : _bWiley, _cc2024. |
||
| 300 |
_axix, 719 p. : _bill. ; _c23 cm. |
||
| 500 | _aincludes index | ||
| 700 | _aKiefer, Ralph W. & Chipman, Jonathan W | ||
| 942 |
_2ddc _cCIVIL |
||
| 999 |
_c9937 _d9937 |
||